000 00531nam a2200193 a 4500
001 1771665851254
003 YourLibrary
005 20260221145719.0
008 260221s1986##################000#0#eng##
020 _a9780714632919
082 0 4 _a338.46091724
_bKAY
100 1 _aKaynak, Erdener,
_eauthor.
245 1 0 _aService Industries in Developing Countries :
260 _bPsychology Press,
_c1986.
300 _a136 pages
650 0 _aBusiness & Economics.
942 _cENGLISH
040 _aYourLibrary
_beng
_cYourLibrary
999 _c615187
_d615187